00463 2200193 4500245004400000020002200044250001100066100001800077700001200095700000600107650001700113005001900130260004100149041001400190084001300204300003200217336000900249338001100258 aDetektif Conan 100cGosho, AoyamahText a978-623-00-3230-1 aCet. 1 aGosho, Aoyama aBinarti aM aKomik Jepang a20230413125059 aJakartabElex Media Komputindoc2022 aIndonesia a741.5592 a... jil. :bilus. ;c17 cm. atext avolume